Βυζαντινή λογοτεχνία : η λόγια κοσμική γραμματεία των Βυζαντινών

Αποθηκεύτηκε σε:
Λεπτομέρειες βιβλιογραφικής εγγραφής
Κύριος συγγραφέας: Hunger, Herbert, 1914-2000
Άλλοι συγγραφείς: Μπενάκης, Λίνος Γ., 1928- (Μεταφραστής)
Μορφή: Βιβλίο
Γλώσσα:Greek
German
Δημοσίευση: Αθήνα : Μορφωτικό Ιδρυμα Εθνικής Τραπέζης, 1991-1992.
Θέματα:
Ετικέτες: Προσθήκη ετικέτας
Δεν υπάρχουν, Καταχωρήστε ετικέτα πρώτοι!

MARC

LEADER 00000cam a2200000 i 4500
001 1/78075
008 960820m19911992gr | ||| |||| ||gre||
020 |a 9602500239 (τ.1) 
020 |a 9602500247 (τ.2) 
035 |a 1993  |b 1  |c Μηνάς  |l 10032830 
040 |a GR-MyUA  |b gre  |e AACR2 
041 1 |a gre  |h ger 
082 0 |a 880.9 
100 1 |a Hunger, Herbert,   |d 1914-2000. 
245 1 0 |a Βυζαντινή λογοτεχνία :   |b η λόγια κοσμική γραμματεία των Βυζαντινών /   |c Herbert Hunger ; μετάφραση Λ. Γ. Μπενάκη ... [κ.ά].  
260 |a Αθήνα :   |b Μορφωτικό Ιδρυμα Εθνικής Τραπέζης,   |c 1991-1992.  
300 |a 3 τ.  
500 |a Τίτλος πρωτοτύπου: Die hochsprachliche profane literatur der Byzantiner.  
505 0 |a T. 1. Φιλοσοφία, ρητορική, επιστολογραφία, γεωγραφία / μετάφραση Λ. Γ. Μπενάκη, Ι. Β. Αναστασίου, Γ. Χ. Μακρή -- τ. 2. Ιστοριογραφία, φιλολογία, ποίηση / μετάφραση Ταξιάρχης Κόλιας ... [κ.ά.].  
650 0 0 |a Byzantine literature. 
700 1 |a Μπενάκης, Λίνος Γ.,   |d 1928-  |e trl 
852 |a INST  |b RHODES  |e 19960820  |h 880.9 HUN  |p 005400009960  |q 005400009960  |t BK  |y 0  |z τ.1 
852 |a INST  |b RHODES  |e 19960820  |h 880.9 HUN  |p 005400009961  |q 005400009961  |t BK  |y 0  |z τ.1 
852 |a INST  |b RHODES  |e 19960821  |h 880.9 HUN  |p 005400009962  |q 005400009962  |t BK  |y 0  |z τ.2 
852 |a INST  |b RHODES  |e 19960821  |h 880.9 HUN  |p 005400009963  |q 005400009963  |t BK  |y 0  |z τ.2 
852 |a INST  |b RHODES  |e 19960820  |h 880.9 HUN  |p 005400009960  |q 005400009960  |t BK  |v τ.1:  |y 0  |z τ.1 
852 |a INST  |b RHODES  |e 19960820  |h 880.9 HUN  |p 005400009961  |q 005400009961  |t BK  |v τ.1:  |y 0  |z τ.1 
852 |a INST  |b RHODES  |e 19960821  |h 880.9 HUN  |p 005400009962  |q 005400009962  |t BK  |v τ.2:  |y 0  |z τ.2 
852 |a INST  |b RHODES  |e 19960821  |h 880.9 HUN  |p 005400009963  |q 005400009963  |t BK  |v τ.2:  |y 0  |z τ.2 
853 |a INST  |b RHODES  |h 880.9 HUN 
909 |a Ρ  |b 025654 
909 |a Ρ  |b 025655 
909 |a Ρ  |b 025656 
909 |a Ρ  |b 025657